000 00214nam a22000857a 4500
999 _c10968
_d10968
008 180704b ||||| |||| 00| 0 eng d
100 _aQuinn Jason
_96765
245 _aWorld War Two
260 _aNew Delhi
_bCampfire
_c2016